000 00321nam a22001337a 4500
020 _qHB.
040 _cFIZZA ISHAQ
082 _a539.3
_bKRA
100 _aKRANE,S.KENNETH.
_9130736
245 _aINTRODUCTORY NUCLEAR PHYSICS /
_cKENNETH S.KRANE /
260 _aNEW YORK;
_c539.3
300 _a845 P. ;
942 _2ddc
_cBK
999 _c614924
_d614924